Statistiken für Herrscher Luxemburgs seit 963

Klicken Sie hier um das Quiz zu spielen!

Allgemein

  • Dieses Quiz wurde 14 mal gespielt
  • Das Durchschnittsergebnis liegt bei 12 aus 15

Antwortstatistiken

ZeitraumHerrscher% Korrekt
1914 - 1918Deutsches Reich
100%
1940 - 1945Nazi Deutschland
100%
1795 - 1804Französische Republik
90%
1804 - 1815Französisches Kaiserreich
90%
963 - 1354Grafschaft Luxemburg (HRR)
90%
1815 - 1914Großherzogtum Luxemburg
90%
1918 - 1940Großherzogtum Luxemburg
90%
1945 - NowGroßherzogtum Luxemburg
90%
1354 - 1443Herzogtum Luxemburg (HRR)
90%
1684 - 1697Königreich Frankreich
90%
1556 - 1684Spanische Niederlande (HRR)
70%
1697 - 1713Spanische Niederlande (HRR)
70%
1713 - 1795Österreichische Niederlande (HRR)
60%
1443 - 1477Burgundische Niederlande (HRR)
40%
1477 - 1556Habsburgische Niederlande (HRR)
20%

Verteilung der Resultate

Perzentil nach korrekt beantworteten Fragen

Anzahl Personen mit jedem Resultat

Ihre Resultats-Entwicklung

Sie haben dieses Quiz noch nicht gespielt